Ulysses / (Record no. 12725)
[ view plain ]
| 000 -LEADER | |
|---|---|
| fixed length control field | 00649nam a2200229 a 4500 |
| 001 - CONTROL NUMBER | |
| control field | 12725 |
| 003 - CONTROL NUMBER IDENTIFIER | |
| control field | BD-JhCC |
| 005 - DATE AND TIME OF LATEST TRANSACTION | |
| control field | 20230520093227.0 |
| 008 - FIXED-LENGTH DATA ELEMENTS--GENERAL INFORMATION | |
| fixed length control field | 230509s2020 ii 000 1 eng d |
| 020 ## - INTERNATIONAL STANDARD BOOK NUMBER | |
| International Standard Book Number | 9788175994546 |
| 035 ## - SYSTEM CONTROL NUMBER | |
| System control number | 2527298 |
| 040 ## - CATALOGING SOURCE | |
| Original cataloging agency | ANL |
| Language of cataloging | eng |
| Transcribing agency | ANL |
| Modifying agency | ANL:NR |
| -- | BD-JhCC |
| 082 04 - DEWEY DECIMAL CLASSIFICATION NUMBER | |
| Classification number | 823/.912 |
| Item number | JOY 2020 |
| Edition number | 19 |
| 100 1# - MAIN ENTRY--PERSONAL NAME | |
| Personal name | Joyce, James, |
| Dates associated with a name | 1882-1941. |
| 245 10 - TITLE STATEMENT | |
| Title | Ulysses / |
| Statement of responsibility, etc. | by James Joyce. |
| 260 ## - PUBLICATION, DISTRIBUTION, ETC. | |
| Place of publication, distribution, etc. | Paris : |
| Name of publisher, distributor, etc. | Pingerprints Classic, |
| Date of publication, distribution, etc. | 2020[reprint]. |
| 300 ## - PHYSICAL DESCRIPTION | |
| Extent | 7996p. ; |
| Dimensions | 21cm. |
| 650 #0 - SUBJECT ADDED ENTRY--TOPICAL TERM | |
| Topical term or geographic name entry element | City and town life |
| Form subdivision | Fiction. |
| 655 #7 - INDEX TERM--GENRE/FORM | |
| Genre/form data or focus term | Epic literature. |
| Source of term | gsaf. |
| 655 #7 - INDEX TERM--GENRE/FORM | |
| Genre/form data or focus term | Psychological fiction. |
| Source of term | lcs. |
| 942 ## - ADDED ENTRY ELEMENTS (KOHA) | |
| Source of classification or shelving scheme | Dewey Decimal Classification |
| Koha item type | Books |
| Withdrawn status | Lost status | Source of classification or shelving scheme | Damaged status | Not for loan | Home library | Current library | Shelving location | Date acquired | Cost, normal purchase price | Total Checkouts | Full call number | Barcode | Date last seen | Date last checked out | Copy number | Price effective from | Koha item type |
|---|---|---|---|---|---|---|---|---|---|---|---|---|---|---|---|---|---|
| Dewey Decimal Classification | JCC Rouf Library | JCC Rouf Library | General Stacks | 05/09/2023 | 600.00 | 6 | 823/.912 JOY 2020 | 17705 | 08/06/2025 | 07/13/2025 | C-1 | 05/09/2023 | Books |